Villes de France par proximité alphabétique - Statistiques

Statistiques générales
  • Ce quiz a été pris 108 fois
  • Le résultat moyen est 29 sur 41
Statistiques - réponses
Villes % Correct
Palaiseau, Pantin, Paris, Pau, Perpignan, Pessac, Plaisir
98%
Liévin, Lille, Limoges, Livry-Gargan, Lorient, Lyon, Mâcon
97%
Amiens, Angers, Anglet, Angoulême, Annecy, Annemasse, Antibes
92%
Nantes, Narbonne, Neuilly-sur-Marne, Neuilly-sur-Seine, Nevers, Nice, Nîmes
90%
Bourg-en-Bresse, Bourges, Brest, Brive-la-Gaillarde, Bron, Cachan, Caen
89%
Maisons-Alfort, Malakoff, Mamoudzou, Mantes-la-Jolie, Marcq-en-Barœul, Marignane, Marseille
89%
Toulon, Toulouse, Tourcoing, Tours, Trappes, Tremblay-en-France, Troyes
86%
Strasbourg, Suresnes, Talence, Tarbes, Thiais, Thionville, Thonon-les-Bains
85%
Bastia, Bayonne, Beauvais, Bègles, Belfort, Besançon, Béziers
84%
Bezons, Blois, Bobigny, Bondy, Bordeaux, Boulogne-Billancourt, Boulogne-sur-Mer
83%
Montluçon, Montpellier, Montreuil, Montrouge, Mulhouse, Nancy, Nanterre
83%
Le Blanc-Mesnil, Le Cannet, Le Chesnay-Rocquencourt, Le Havre, Le Lamentin, Le Mans, Le Perreux-sur-Marne
80%
Rennes, Rezé, Rillieux-la-Pape, Ris-Orangis, Roanne, Romainville, Romans-sur-Isère
80%
Agen, Aix-en-Provence, Aix-les-Bains, Ajaccio, Albi, Alès, Alfortville
77%
Creil, Créteil, Dijon, Douai, Draguignan, Drancy, Dreux
77%
Poissy, Poitiers, Pontault-Combault, Pontoise, Puteaux, Quimper, Reims
77%
Saint-Chamond, Saint-Denis, Saint-Denis, Saint-Étienne, Saint-Germain-en-Laye, Saint-Herblain, Saint-Joseph
77%
Metz, Meudon, Meyzieu, Mont-de-Marsan, Montauban, Montélimar, Montigny-le-Bretonneux
76%
Valence, Valenciennes, Vannes, Vaulx-en-Velin, Vénissieux, Versailles, Vienne
76%
Cagnes-sur-Mer, Calais, Caluire-et-Cuire, Cambrai, Cannes, Carcassonne, Carpentras
75%
Niort, Nogent-sur-Marne, Noisy-le-Grand, Noisy-le-Sec, Nouméa, Orléans, Oullins-Pierre-Bénite
73%
Rosny-sous-Bois, Roubaix, Rouen, Rueil-Malmaison, Saint-André, Saint-Benoît, Saint-Brieuc
73%
Chelles, Cherbourg-en-Cotentin, Choisy-le-Roi, Cholet, Clamart, Clermont-Ferrand, Clichy
72%
Dumbéa, Dunkerque, Échirolles, Épinal, Épinay-sur-Seine, Évreux, Évry-Courcouronnes
72%
Antony, Argenteuil, Arles, Arras, Asnières-sur-Seine, Athis-Mons, Aubagne
70%
Gennevilliers, Goussainville, Grasse, Grenoble, Haguenau, Herblay-sur-Seine, Houilles
70%
Aubervilliers, Aulnay-sous-Bois, Auxerre, Avignon, Bagneux, Bagnolet, Baie-Mahault
67%
La Ciotat, La Courneuve, La Possession, La Roche-sur-Yon, La Rochelle, La Seyne-sur-Mer, Laval
66%
Le Port, Le Tampon, Lens, Les Abymes, Les Mureaux, Les Sables-d'Olonne, Levallois-Perret
61%
Saint-Maur-des-Fossés, Saint-Médard-en-Jalles, Saint-Nazaire, Saint-Ouen-sur-Seine, Saint-Paul, Saint-Pierre, Saint-Priest
59%
Castres, Cayenne, Cergy, Chalon-sur-Saône, Châlons-en-Champagne, Chambéry, Champigny-sur-Marne
57%
Fontenay-sous-Bois, Fort-de-France, Franconville, Fréjus, Gagny, Gap, Garges-lès-Gonesse
56%
Martigues, Massy, Matoury, Meaux, Melun, Menton, Mérignac
56%
Villeurbanne, Villiers-sur-Marne, Vincennes, Viry-Châtillon, Vitrolles, Vitry-sur-Seine, Wattrelos
53%
Colmar, Colombes, Colomiers, Compiègne, Conflans-Sainte-Honorine, Corbeil-Essonnes, Courbevoie
51%
Hyères, Issy-les-Moulineaux, Istres, Ivry-sur-Seine, Joué-lès-Tours, Koungou, L'Haÿ-les-Roses
51%
Charleville-Mézières, Chartres, Châteauroux, Châtellerault, Châtenay-Malabry, Châtillon, Chatou
49%
Saint-Quentin, Saint-Raphaël, Sainte-Geneviève-des-Bois, Sainte-Marie, Salon-de-Provence, Sarcelles, Sartrouville
44%
Saint-Laurent-du-Maroni, Saint-Laurent-du-Var, Saint-Leu, Saint-Louis, Saint-Malo, Saint-Martin, Saint-Martin-d'Hères
42%
Vigneux-sur-Seine, Villefranche-sur-Saône, Villejuif, Villenave-d'Ornon, Villeneuve-d'Ascq, Villeneuve-Saint-Georges, Villepinte
32%
Savigny-le-Temple, Savigny-sur-Orge, Schiltigheim, Sète, Sevran, Six-Fours-les-Plages, Stains
31%
Aucun quiz correspondant
Distribution des résultats
% des personnes avec chaque résultat
Percentile par nombre de réponses
Votre historique - résultats
Vous n’avez pas pris ce quiz